000
00429nam a2200145Ia 4500
008
100122s9999 xx 000 0 und d
082
_b
55102
_a
133.5
100
_a
केळकर सुनील
245
_a
व्यवसायदीप
260
_b
अथर्व प्रकाशन
_c
1998
300
_a
119
630
_a
व्यवसायदीप
730
_a
व्यवसायदीप
942
_c
BOOK
999
_c
431780
_d
431777